000 00407 a2200169 4500
001 186951
020 _a85-322-0993-9
040 _cMagnum
100 _aTelles, Carlos Queiroz
240 1 0 _aNa próxima eleição vote no draculão
_lpor
245 1 0 _aNa próxima eleição vote no draculão
300 _a53
362 0 _a1997
440 1 _aFTD
697 _aLITERATURA INFANTO-JUVENIL
942 _cBK
999 _c186951
_d186951